000 00890nam a2200241Ia 4500
003 OSt
005 20220923223454.0
006 a|||||r|||| 00| 0
007 ta
008 220922b |||||||| |||| 00| 0 hin d
024 _a217,345
037 _cTextual
040 _aARTS
_cARTS
_bhin
041 _2hin
_ahin
082 _aP152:795, 152M2;N9(O152D/Tr)
100 _aतिवारी, भोलानाथ; गाबा, ओमप्रकाश
245 0 _aअनुवाद की व्यावहारिक समस्याएँ
246 _aAnuvād kī vyāvahārik samasyāeँ
260 _aदिल्ली
_b शब्दकार
_c1999
300 _a125i`
_ccm.
942 _hP152:795, 152M2;N9(O152D/Tr)
_cTEXL
_2CC
999 _c365565
_d365565